000 00375nam a2200145Ia 4500
008 221030s9999 xx 000 0 und d
020 _a8174091947
041 _aEnglish
100 _aA. K. Jain
245 0 _aFluid Mechanics Including Hydraulic Machines
_cby A. K. Jain
260 _bKhanna Pub.
_aNew Delhi
_c2016
300 _a1043
650 _aMechanical
942 _cBK
999 _c17354
_d17354